Vista normal
Vista MARC
Entrada Nombre de reunión
Número de registros utilizados en: 1
001 - NÚMERO DE CONTROL
- campo de control: 82440
003 - IDENTIFICADOR DEL NÚMERO DE CONTROL
- campo de control: DO-SdBNP
005 - FECHA Y HORA DE LA ÚLTIMA TRANSACCIÓN
- campo de control: 20220927095523.0
008 - DATOS DE LONGITUD FIJA
- campo de control de longitud fija: 220927|| aca||aabn | a|a d
040 ## - FUENTE DE LA CATALOGACIÓN
- Centro catalogador/agencia de origen: DO-SdBNP
- Centro/agencia transcriptor: DO-SdBNP
111 ## - ENCABEZAMIENTO--NOMBRE DE CONGRESO/REUNIÓN
- Nombre de congreso/reunión o jurisdicción como elemento de entrada: Mesa Redonda Panamericana
670 ## - FUENTE DE DATOS ENCONTRADOS
- Cita de la fuente: Work cat.: (DO-SdBNP)52480: Mesa Redonda Panamericana de Santo Domingo 30 de marzo al 2 de abril Santo Domingo 1992 41284, Actos que serán celebrados con motivo de la visita al país de distinguida dama internacional doña Mila de Coquis, directora general de la Alianza de mesas Redondas Panamericanas en..., 1992.
